Catálogo
 En Linea

La flecha de anhelo / (Registro nro. 17345)

Detalles MARC
000 -CABECERA
campo de control de longitud fija 00905nam a2200253 a 4500
001 - NÚMERO DE CONTROL
campo de control 000017821
003 - IDENTIFICADOR DEL NÚMERO DE CONTROL
campo de control DO-SdBNP
005 - FECHA Y HORA DE LA ÚLTIMA TRANSACCIÓN
campo de control 20250307073709.0
007 - CAMPO FIJO DE DESCRIPCIÓN FÍSICA--INFORMACIÓN GENERAL
campo de control de longitud fija ta
008 - DATOS DE LONGITUD FIJA--INFORMACIÓN GENERAL
campo de control de longitud fija 100406s1992 dr 000 e spa d
040 ## - FUENTE DE LA CATALOGACIÓN
Centro catalogador/agencia de origen DO-SdBNP
Lengua de catalogación spa
Centro/agencia transcriptor BNPHU
Normas de descripción rda
041 ## - CÓDIGO DE LENGUA
Código de lengua original spa
082 ## - NÚMERO DE LA CLASIFICACIÓN DECIMAL DEWEY
Número de clasificación RD864.44
Número de documento/Ítem D948zf
Número de edición 22
100 1# - ENTRADA PRINCIPAL--NOMBRE DE PERSONA
Nombre de persona Durán, Diony
9 (RLIN) 24537
245 13 - MENCIÓN DE TÍTULO
Título La flecha de anhelo /
Mención de responsabilidad, etc. Diony Durán ; presentación Raymundo Amaro Gúman.
260 ## - PUBLICACIÓN, DISTRIBUCIÓN, ETC.
Lugar de publicación, distribución, etc. [Santo Domingo :
Nombre del editor, distribuidor, etc. Comisión Organizadora Permanente de la Feria Nacional del Libro,
Fecha de publicación, distribución, etc. 1992].
300 ## - DESCRIPCIÓN FÍSICA
Extensión 288 páginas;
Dimensiones 21 cm.
504 ## - NOTA DE BIBLIOGRAFÍA, ETC.
Nota de bibliografía, etc. Incluye referencias bibliográficas y notas al pie de las páginas
504 ## - NOTA DE BIBLIOGRAFÍA, ETC.
Nota de bibliografía, etc. Incluye bibliografías : p. 266-288
600 10 - PUNTO DE ACCESO ADICIONAL DE MATERIA--NOMBRE DE PERSONA
Nombre de persona Henríquez Ureña, Pedro,
Fechas asociadas al nombre 1884-1946
Subdivisión general Crítica e interpretación
9 (RLIN) 1718
650 #0 - PUNTO DE ACCESO ADICIONAL DE MATERIA--TÉRMINO DE MATERIA
Término de materia o nombre geográfico como elemento de entrada Ensayos dominicanos
9 (RLIN) 65
700 1# - PUNTO DE ACCESO ADICIONAL--NOMBRE DE PERSONA
Nombre de persona Amaro Guzmán, Raymundo
9 (RLIN) 656
942 ## - ELEMENTOS DE PUNTO DE ACCESO ADICIONAL (KOHA)
Fuente del sistema de clasificación o colocación Dewey Decimal Classification
Tipo de ítem Koha Libro
Existencias
Estado de retiro Estado de pérdida Restricciones de uso No para préstamo Código de colección Localización permanente Ubicación/localización actual Ubicación en estantería Fecha de adquisición Número de inventario Total de préstamos Signatura topográfica completa Código de barras Fecha visto por última vez Número de copia Precio válido a partir de Tipo de ítem Koha
        Dominicana de Servicio General General En catalogación 06.04.2010 LF1   RD864.44 D948zf 17821-30 25.06.2020 e. 3 25.06.2020 Libro y Folleto Colección Dominicana de Servicio
      Excluido de préstamo Dominicana de Servicio General General En catalogación 17.06.2019 LF1   RD864.44 D948zf 17821-40 25.06.2020 e. 4 25.06.2020 Libro y Folleto Colección Dominicana de Servicio
      Excluido de préstamo Dominicana de Servicio General General En catalogación 17.06.2019 LF1   RD864.44 D948zf 17821-50 25.06.2020 e. 5 25.06.2020 Libro y Folleto Colección Dominicana de Servicio
      Excluido de préstamo Patrimonio Dominicano Patrimonio Dominicano Patrimonio Dominicano En catalogación 06.04.2010 LF1   RD864.44 D948zf 17821-10 25.06.2020   25.06.2020 Libro y Folleto Colección Patrimonio Dominicano
      Excluido de préstamo Patrimonio Dominicano Patrimonio Dominicano Patrimonio Dominicano En catalogación 06.04.2010 LF1   RD864.44 D948zf 17821-20 25.06.2020 e. 2 25.06.2020 Libro y Folleto Colección Patrimonio Dominicano

Con tecnología Koha